Argentina in Different Languages - Statistics

General Stats
  • This quiz has been taken 8 times
  • The average score is 7 of 15
Answer Stats
"Argentina" Language % Correct
아르헨티나 Korean
100%
Argentine French
75%
آرژانتین Persian
63%
Argentinië Afrikaans/ Dutch
50%
Արգենտինա Armenian
50%
Аргэнтына Belarussian
50%
Аржентина Bulgarian
50%
Ác-hen-ti-na Vietnamese
50%
אַרגענטינע Yiddish
50%
Arjantin Turkish
38%
Argjentina Albanian
25%
Arxentina Asturian/ Galician
25%
Argentīna Latvian
25%
an Argantain Scots Gaelic
25%
Arc'hantina Breton
13%
No matching quizzes found
Score Distribution
Percent of People with Each Score
Percentile by Number Answered
Your Score History
You have not taken this quiz